[Event "PRO League Central 2017"]
[Site "chess.com INT"]
[Date "2017.01.18"]
[Round "2"]
[White "Kollars, Dmitrij"]
[Black "Astaneh Lopez, Alex"]
[Result "1-0"]
[WhiteTitle "IM"]
[BlackTitle "IM"]
[WhiteElo "2500"]
[BlackElo "2417"]
[WhiteTeam "Hamburg Swashbucklers"]
[BlackTeam "Dublin Desperados"]
[WhiteFideId "12909572"]
[BlackFideId "2501430"]
[EventDate "2017.01.11"]

1. e4 c6 2. d4 d5 3. Nd2 dxe4 4. Nxe4 Nd7 5. Ng5 h6 6. Ne6 Qb6 7. Nxf8 Nxf8 8.
Nf3 Nf6 9. c3 Bf5 10. Ne5 e6 11. Nc4 Qc7 12. Qf3 Ng6 13. Qg3 O-O-O 14. Be2 h5
15. Ne3 Qe7 16. O-O Be4 17. f3 h4 18. Qf2 Bf5 19. Nxf5 exf5 20. Bd3 Qd7 21. Bg5
Qd5 22. Rad1 f4 23. Bxf6 gxf6 24. h3 Qg5 25. Rfe1 Rhg8 26. Bf1 Kb8 27. Rd2 Nf8
28. Bc4 Ne6 29. Bxe6 fxe6 30. Rxe6 Qf5 31. Rde2 Qxh3 32. Rxf6 Rg3 33. Rxf4 Rdg8
34. Rfe4 Qf5 35. Re8+ Rxe8 36. Rxe8+ Kc7 37. Qe1 Kb6 38. Qe5 Qxf3 39. Qc5+ Ka6
40. Qc4+ b5 41. Qe2 Qd5 42. Qe4 Qxe4 43. Rxe4 h3 44. Re2 hxg2 45. Rxg2 Rd3 46.
Kf2 Rd1 47. Ke2 Rb1 48. Kd3 Kb6 49. Kc2 Rf1 50. Rg6 Rf5 51. Kb3 a6 52. Kb4 Rd5
53. a4 a5+ 54. Kb3 b4 55. cxb4 axb4 56. Kc4 Kb7 57. b3 Kb6 58. Rg4 Ka5 59. Rg6
Kb6 60. Re6 Rd7 61. Re4 Ka5 62. Re5+ Kb6 63. d5 c5 64. Re6+ Ka5 65. Rc6 Rd8 66.
Rxc5+ Kb6 67. Kxb4 Ka6 68. Rc6+ Kb7 69. Kc5 Rh8 70. Rg6 1-0

[Event "PRO League Central 2017"]
[Site "chess.com INT"]
[Date "2017.01.18"]
[Round "2"]
[White "Kollars, Dmitrij"]
[Black "O'Donnell, Conor"]
[Result "1-0"]
[WhiteTitle "IM"]
[BlackTitle "FM"]
[WhiteElo "2500"]
[BlackElo "2342"]
[WhiteTeam "Hamburg Swashbucklers"]
[BlackTeam "Dublin Desperados"]
[WhiteFideId "12909572"]
[BlackFideId "2504243"]
[EventDate "2017.01.11"]

1. e4 c6 2. d4 d5 3. Nd2 dxe4 4. Nxe4 Bf5 5. Ng3 Bg6 6. h4 h6 7. Nf3 Nd7 8. h5
Bh7 9. Bd3 Bxd3 10. Qxd3 e6 11. Bd2 Ngf6 12. O-O-O Be7 13. Kb1 O-O 14. Ne4 Nxe4
15. Qxe4 Nf6 16. Qe2 Qd5 17. Be3 Qb5 18. c4 Qf5+ 19. Ka1 b5 20. Ne5 bxc4 21.
Qxc4 Rfc8 22. f3 Nd5 23. Bd2 c5 24. g4 Qf6 25. Qd3 Rc7 26. g5 hxg5 27. h6 g6 28.
h7+ Kg7 29. Bxg5 Qxg5 30. h8=Q+ Rxh8 31. Nxf7 Kxf7 32. Rxh8 cxd4 33. a3 Ne3 34.
Rh7+ Kg8 35. Rdh1 Nc2+ 36. Kb1 Bd6 37. Rxc7 Nxa3+ 38. bxa3 Bxc7 39. Qxd4 Be5 40.
Qe4 Qf5 41. Re1 Kf7 42. Ka2 Bf6 43. Qxf5 gxf5 44. Kb3 e5 45. Kc4 Ke6 46. a4 Bd8
47. Rd1 Bb6 48. Re1 Bf2 49. Re2 Bb6 50. Rh2 Bc7 51. Rh6+ Kd7 52. Kd5 a6 53. Rxa6 1-0

[Event "PRO League Central 2017"]
[Site "chess.com INT"]
[Date "2017.01.18"]
[Round "2"]
[White "Tan, Justin2"]
[Black "Pert, Richard G"]
[Result "0-1"]
[WhiteTitle "IM"]
[BlackTitle "IM"]
[WhiteElo "2451"]
[BlackElo "2414"]
[WhiteTeam "London Lions"]
[BlackTeam "London Towers"]
[WhiteFideId "3206882"]
[BlackFideId "404748"]
[EventDate "2017.01.11"]

1. e4 e6 2. d4 d5 3. Nc3 Nf6 4. e5 Nfd7 5. f4 c5 6. Nf3 Nc6 7. Be3 Be7 8. Qd2
O-O 9. dxc5 Nxc5 10. O-O-O a6 11. h4 b5 12. Bd3 Bd7 13. h5 Qa5 14. Bxc5 Bxc5 15.
Bxh7+ Kxh7 16. Ng5+ Kg8 17. Qd3 Rfe8 18. Qh7+ Kf8 19. h6 Ke7 20. Qxg7 Kd8 21. h7
b4 22. h8=Q bxc3 23. Qh3 Nb4 24. bxc3 Nxc2 25. Nxf7+ Kc7 26. Rd2 Ne3 27. Rc2
Nxc2 28. Qd3 Ne3 29. Nd6 Qa3+ 30. Kd2 Qxa2+ 31. Ke1 Nxg2+ 0-1

[Event "PRO League Central 2017"]
[Site "chess.com INT"]
[Date "2017.01.18"]
[Round "2"]
[White "Admiraal, Miguoel"]
[Black "Zwirs, Nico"]
[Result "0-1"]
[WhiteTitle "IM"]
[WhiteElo "2441"]
[BlackElo "2395"]
[WhiteTeam "Amsterdam Mosquitos"]
[BlackTeam "Apeldoorn Apes"]
[WhiteFideId "1019716"]
[BlackFideId "1036432"]
[EventDate "2017.01.11"]

1. e4 c5 2. Nf3 d6 3. Bb5+ Nc6 4. O-O Bd7 5. Re1 Nf6 6. c3 a6 7. Ba4 b5 8. Bc2
Bg4 9. h3 Bxf3 10. Qxf3 g6 11. a4 Bh6 12. d4 Bxc1 13. e5 Rc8 14. exf6 Bg5 15.
axb5 axb5 16. Ra6 d5 17. fxe7 Bxe7 18. dxc5 O-O 19. b4 Re8 20. Rd1 Bf8 21. g3
Re6 22. Rxd5 Qe8 23. Kg2 Nxb4 24. cxb4 Rxa6 25. Bb3 Bg7 26. Nd2 Rf6 27. Qg4 h5
28. Qd7 Qe2 29. Qxc8+ Bf8 30. Ne4 Qxe4+ 31. Kf1 Qb1+ 32. Rd1 Qxb3 33. Rd8 Qb1+
34. Kg2 Qe4+ 35. Kf1 Qh1+ 36. Ke2 Qf3+ 37. Kd2 Qxf2+ 38. Kc1 Qe1+ 39. Kc2 Rf2+
40. Rd2 Qxd2+ 41. Kb3 Qb2# 0-1

[Event "PRO League Central 2017"]
[Site "chess.com INT"]
[Date "2017.01.18"]
[Round "2"]
[White "Admiraal, Miguoel"]
[Black "Kevlishvili, Robby"]
[Result "0-1"]
[WhiteTitle "IM"]
[BlackTitle "IM"]
[WhiteElo "2441"]
[BlackElo "2417"]
[WhiteTeam "Amsterdam Mosquitos"]
[BlackTeam "Apeldoorn Apes"]
[WhiteFideId "1019716"]
[BlackFideId "1040634"]
[EventDate "2017.01.11"]

1. c4 Nf6 2. Nc3 g6 3. g3 Bg7 4. Bg2 O-O 5. Nf3 d6 6. O-O Nc6 7. Rb1 a5 8. a3 e5
9. d3 Re8 10. Nd2 Be6 11. b4 axb4 12. axb4 Qd7 13. b5 Nd8 14. Bb2 Bh3 15. Ra1
Rxa1 16. Qxa1 Bxg2 17. Kxg2 Ne6 18. Nf3 Nc5 19. Qa7 e4 20. dxe4 Nfxe4 21. Nxe4
Rxe4 22. Bxg7 Kxg7 23. Qa1+ f6 24. Nd4 Qf7 25. Rc1 Qe7 26. e3 h5 27. Nf3 Nb3 28.
Qc3 Nxc1 29. Qxc1 Qe6 30. c5 Rc4 31. Qa1 Rxc5 32. Qa8 Qe4 33. Qe8 Qxe8 34. Nd2
Qxb5 35. Ne4 Qc6 36. f3 Rc2+ 37. Kh3 Qxe4 38. f4 Qf5+ 39. Kh4 Qg4# 0-1

[Event "PRO League Central 2017"]
[Site "chess.com INT"]
[Date "2017.01.18"]
[Round "2"]
[White "Arkell, Keith C"]
[Black "Tan, Justin2"]
[Result "1/2-1/2"]
[WhiteTitle "GM"]
[BlackTitle "IM"]
[WhiteElo "2438"]
[BlackElo "2451"]
[WhiteTeam "London Towers"]
[BlackTeam "London Lions"]
[WhiteFideId "400270"]
[BlackFideId "3206882"]
[EventDate "2017.01.11"]

1. d4 Nf6 2. Nf3 d5 3. c4 e6 4. cxd5 exd5 5. Nc3 c6 6. Bg5 Be7 7. Bxf6 Bxf6 8.
e3 Bf5 9. Bd3 Bxd3 10. Qxd3 O-O 11. b4 a6 12. a4 Nd7 13. O-O Nb6 14. b5 axb5 15.
axb5 Nc4 16. bxc6 bxc6 17. Nd2 Nd6 18. Na4 Nb5 19. Nc5 Be7 20. Ndb3 Nd6 21. Rxa8
Qxa8 22. Ra1 Qc8 23. Qa6 Nc4 24. Qxc8 Rxc8 25. Ra7 Bd6 26. g3 g6 27. Kg2 h5 28.
h3 Rb8 29. Ra6 Bxc5 30. Nxc5 Rb2 31. Kf3 Nd2+ 32. Kg2 Nc4 33. Kf3 Nd2+ 34. Kg2
Nc4 1/2-1/2

[Event "PRO League Central 2017"]
[Site "chess.com INT"]
[Date "2017.01.18"]
[Round "2"]
[White "Lampert, Jonas"]
[Black "Astaneh Lopez, Alex"]
[Result "1-0"]
[WhiteTitle "IM"]
[BlackTitle "IM"]
[WhiteElo "2510"]
[BlackElo "2417"]
[WhiteTeam "Hamburg Swashbucklers"]
[BlackTeam "Dublin Desperados"]
[WhiteFideId "1303759"]
[BlackFideId "2501430"]
[EventDate "2017.01.11"]

1. d4 Nf6 2. c4 g6 3. Nc3 d5 4. cxd5 Nxd5 5. Bd2 Bg7 6. e4 Nxc3 7. Bxc3 O-O 8.
Qd2 Nc6 9. Nf3 Bg4 10. d5 Bxf3 11. gxf3 Ne5 12. O-O-O c6 13. Qd4 Qd6 14. f4 Bh6
15. Kb1 Bxf4 16. h4 c5 17. Qa4 h5 18. Be2 a6 19. Rhg1 Kh7 20. Qc2 Qf6 21. Bxh5
gxh5 22. Qe2 Kh6 23. Rg5 Bxg5 24. hxg5+ Kxg5 25. Rg1+ Kh4 26. Rh1+ 1-0

[Event "PRO League Central 2017"]
[Site "chess.com INT"]
[Date "2017.01.18"]
[Round "2"]
[White "Lampert, Jonas"]
[Black "O'Donnell, Conor"]
[Result "1-0"]
[WhiteTitle "IM"]
[BlackTitle "FM"]
[WhiteElo "2510"]
[BlackElo "2342"]
[WhiteTeam "Hamburg Swashbucklers"]
[BlackTeam "Dublin Desperados"]
[WhiteFideId "1303759"]
[BlackFideId "2504243"]
[EventDate "2017.01.11"]

1. d4 d5 2. c4 e6 3. Nf3 Nf6 4. g3 Be7 5. Bg2 O-O 6. O-O dxc4 7. Ne5 c5 8. dxc5
Qc7 9. Nxc4 Rd8 10. Qb3 Nc6 11. Nc3 Nd4 12. Nb5 Qxc5 13. Nxd4 Rxd4 14. Na3 Nd5
15. Nc2 Rc4 16. Ne3 Rb4 17. Qd3 Nxe3 18. Bxe3 Qb5 19. Qxb5 Rxb5 20. b3 Kf8 21.
Rac1 Bd6 22. Rfd1 Ke7 23. Rc2 a5 24. Rd3 a4 25. bxa4 Rb1+ 26. Bf1 e5 27. Rb3 Rd1
28. Rc1 Rxc1 29. Bxc1 Rxa4 30. a3 b5 31. Bb2 Bd7 32. e3 Ra5 33. h4 g6 34. f4
exf4 35. exf4 Bc5+ 36. Kh2 Kd6 37. Rd3+ Ke7 38. Rb3 Kd6 39. Be2 Bc6 40. Be5+ Kd7
41. Rd3+ Ke6 42. Rc3 Kd5 43. Bf3+ Ke6 1-0

[Event "PRO League Central 2017"]
[Site "chess.com INT"]
[Date "2017.01.18"]
[Round "2"]
[White "Maze, Sebastien"]
[Black "Kollars, Dmitrij"]
[Result "0-1"]
[WhiteTitle "GM"]
[BlackTitle "IM"]
[WhiteElo "2613"]
[BlackElo "2500"]
[WhiteTeam "Dublin Desperados"]
[BlackTeam "Hamburg Swashbucklers"]
[WhiteFideId "613762"]
[BlackFideId "12909572"]
[EventDate "2017.01.11"]

1. e4 e5 2. Nf3 Nc6 3. Nc3 Nf6 4. Bb5 Bb4 5. O-O O-O 6. d3 Bxc3 7. bxc3 d6 8.
Bg5 h6 9. Bh4 Bd7 10. Nd2 g5 11. Bg3 Ne7 12. Bxd7 Qxd7 13. Nc4 Qe6 14. Ne3 Nd7
15. c4 f5 16. Nd5 Nxd5 17. cxd5 Qf7 18. f3 Kh7 19. Rb1 b6 20. h3 Qg6 21. c4 Rf7
22. a4 a5 23. Re1 h5 24. Bf2 Raf8 25. Rb2 Nf6 26. Qc1 g4 27. exf5 Qxf5 28. fxg4
hxg4 29. d4 Ne4 30. hxg4 Qxg4 31. Qb1 Rxf2 32. Rxf2 Rxf2 33. Qxe4+ Qxe4 34. Rxe4
Rf4 35. Rxf4 exf4 36. Kf2 Kg6 37. Ke2 Kg5 38. Kd3 Kf5 39. c5 bxc5 40. dxc5 Ke5
41. Kc4 Ke4 42. cxd6 cxd6 43. Kb5 Kxd5 44. Kxa5 Kc5 45. Ka6 d5 46. a5 Kc6 47.
Ka7 d4 48. a6 Kc7 49. Ka8 d3 50. a7 d2 0-1

[Event "PRO League Central 2017"]
[Site "chess.com INT"]
[Date "2017.01.18"]
[Round "2"]
[White "Maze, Sebastien"]
[Black "Lampert, Jonas"]
[Result "1-0"]
[WhiteTitle "GM"]
[BlackTitle "IM"]
[WhiteElo "2613"]
[BlackElo "2510"]
[WhiteTeam "Dublin Desperados"]
[BlackTeam "Hamburg Swashbucklers"]
[WhiteFideId "613762"]
[BlackFideId "1303759"]
[EventDate "2017.01.11"]

1. e4 e5 2. Nf3 Nc6 3. Nc3 Nf6 4. Bb5 Nd4 5. Ba4 c6 6. d3 Bc5 7. Nxd4 exd4 8.
Ne2 a5 9. a3 d5 10. exd5 Nxd5 11. O-O O-O 12. Ng3 b5 13. Bb3 a4 14. Ba2 Bb6 15.
Qf3 Be6 16. Bd2 Qd7 17. h3 Rfe8 18. Rfe1 Re7 19. Ne4 f6 20. Re2 Rae8 21. Rae1
Kh8 22. Bb4 Nxb4 23. Nxf6 gxf6 24. Qxf6+ Rg7 25. Rxe6 Rxe6 26. Qf8+ Rg8 27.
Qxg8+ Kxg8 28. Bxe6+ Qxe6 29. Rxe6 Kf7 30. Rh6 Nd5 31. Rxc6 Bc7 32. g3 h5 33.
Kg2 Be5 34. f4 Bf6 35. Kf3 Ne3 36. g4 hxg4+ 37. hxg4 Nd1 38. g5 Be7 39. g6+ Kg8
40. Rc8+ Bf8 41. f5 Kg7 42. Rc7+ Kh6 43. Rh7+ Kg5 44. g7 Bxg7 45. Rxg7+ Kf6 46.
Rg6+ Kxf5 47. Rb6 Ne3 48. Rxb5+ Ke6 49. c4 Kd6 50. Ke4 Nc2 51. Rd5+ Kc6 52. Rxd4
Na1 53. Rd5 Nb3 54. Rb5 Nd2+ 55. Kd4 1-0

[Event "PRO League Central 2017"]
[Site "chess.com INT"]
[Date "2017.01.18"]
[Round "2"]
[White "Fernandez, Daniel Howard"]
[Black "Ghasi, Ameet K"]
[Result "0-1"]
[WhiteTitle "IM"]
[BlackTitle "IM"]
[WhiteElo "2473"]
[BlackElo "2455"]
[WhiteTeam "London Lions"]
[BlackTeam "London Towers"]
[WhiteFideId "5801605"]
[BlackFideId "409200"]
[EventDate "2017.01.11"]

1. d4 Nf6 2. Nf3 g6 3. b4 Bg7 4. Bb2 O-O 5. Nbd2 d6 6. e3 c5 7. bxc5 dxc5 8. Be2
Nc6 9. O-O cxd4 10. Nxd4 Bd7 11. Bf3 Rc8 12. N2b3 b6 13. Nxc6 Bxc6 14. Ba3 Nd5
15. Rc1 Nc3 16. Qxd8 Rfxd8 17. Kh1 Bxf3 18. gxf3 Nxa2 19. Rcd1 e6 20. c4 Bf6 21.
Rxd8+ Rxd8 22. Rb1 Rd3 23. Kg2 a5 24. c5 Nc3 25. Rc1 bxc5 26. Nxc5 Rd5 27. Ne4
Nxe4 28. fxe4 Rd8 29. Rc4 Rb8 30. Ra4 Rb5 31. Bd6 Be5 32. Bxe5 Rxe5 33. Rc4 Kg7
34. Kf3 Rh5 35. Kg3 Rg5+ 36. Kf3 Rh5 37. Kg3 Kf6 38. Rc7 Rg5+ 39. Kf3 Rh5 40.
Kg3 Rb5 41. Ra7 g5 42. h4 gxh4+ 43. Kxh4 Re5 44. f3 Rg5 45. f4 Rb5 46. Kg4 Kg6
47. Ra8 h6 48. Rg8+ Kh7 49. Ra8 Kg7 50. Ra6 h5+ 51. Kf3 Kf6 52. e5+ Kg6 53. Ra8
Kg7 54. Kg3 Kg6 55. Rg8+ Kh7 56. Ra8 Rb3 57. Kf3 Ra3 58. Ra7 Kg6 59. Ke4 a4 60.
Ra8 Ra1 61. Ra6 Kg7 62. Rd6 a3 63. Rd2 a2 64. Rg2+ Kh6 65. Rh2 Kg6 66. Rg2+ Kh7
67. Rh2 Kg7 68. Rg2+ Kf8 69. Rh2 Ke7 70. Rf2 h4 71. Rh2 h3 72. Rd2 Ke8 73. Rb2
Kd7 74. Rc2 Kd8 75. Rh2 Kc7 76. Rf2 Kb6 77. f5 exf5+ 78. Kxf5 h2 0-1

[Event "PRO League Central 2017"]
[Site "chess.com INT"]
[Date "2017.01.18"]
[Round "2"]
[White "Fernandez, Daniel Howard"]
[Black "Arkell, Keith C"]
[Result "1/2-1/2"]
[WhiteTitle "IM"]
[BlackTitle "GM"]
[WhiteElo "2473"]
[BlackElo "2438"]
[WhiteTeam "London Lions"]
[BlackTeam "London Towers"]
[WhiteFideId "5801605"]
[BlackFideId "400270"]
[EventDate "2017.01.11"]

1. b4 d5 2. Bb2 e6 3. e3 Nf6 4. b5 c5 5. c4 Be7 6. Nf3 O-O 7. Be2 a6 8. a4 axb5
9. axb5 Rxa1 10. Bxa1 Nbd7 11. O-O Qc7 12. Qb3 b6 13. d4 Bb7 14. Nbd2 Ra8 15.
Bb2 cxd4 16. Bxd4 dxc4 17. Qxc4 Qxc4 18. Nxc4 Nd5 19. Ra1 Rxa1+ 20. Bxa1 Bf6 21.
Nfe5 Nxe5 22. Nxe5 Ne7 23. Bd4 Nf5 24. Bb2 Ne7 25. f4 Ng6 26. Nc4 Bd5 27. Bc1
Bxc4 28. Bxc4 Be7 29. Kf1 Bc5 30. Ke2 Kf8 31. Bb2 h5 32. g3 Ne7 33. e4 Ng8 34.
Kf3 Nf6 35. h3 Ke7 36. g4 hxg4+ 37. hxg4 Ne8 38. Bd3 f6 39. e5 fxe5 40. Bxe5 Kf7
41. Bb2 Nd6 42. Kg3 Nc8 43. Kh4 Be7+ 44. Kh5 Bc5 45. Bg6+ Kf8 46. Bc2 Nd6 47.
Kg6 Ne8 48. Bb3 Ke7 49. g5 Be3 50. Be5 Bc5 51. Kh7 Be3 52. Kg8 Bd2 53. Bc2 Be3
54. Bg6 Nd6 55. Bxg7 Bxf4 56. Bf6+ Kd7 57. Bd3 e5 58. Be2 Ne4 59. Bg4+ Kd6 60.
Bd8 Bxg5 61. Bf3 Nc3 62. Bxg5 Nxb5 63. Bd2 Nd4 64. Be4 Kc5 65. Kf7 b5 66. Kf6
Nc6 67. Be3+ Kd6 68. Kf5 b4 69. Kg4 b3 70. Bc1 Nd4 71. Ba3+ Kc7 72. Kg3 Kb6 73.
Kf2 Kb5 74. Bd3+ Ka4 75. Bb2 Kb4 76. Ke3 Kc5 77. Ke4 Nc6 78. Be2 Kd6 79. Bd1 Nd4
80. Kd3 Ke6 81. Kc4 Kf5 82. Bxd4 exd4 83. Kxd4 b2 1/2-1/2

[Event "PRO League Central 2017"]
[Site "chess.com INT"]
[Date "2017.01.18"]
[Round "2"]
[White "Oragwu, Chukwunonso"]
[Black "Fawole, John Oyeyemi"]
[Result "0-1"]
[WhiteTitle "CM"]
[BlackTitle "FM"]
[WhiteElo "2155"]
[BlackElo "2186"]
[WhiteTeam "Lagos Leatherbacks"]
[BlackTeam "Abuja Rockstars"]
[WhiteFideId "8501254"]
[BlackFideId "8501319"]
[EventDate "2017.01.11"]

1. e4 c5 2. Nf3 d6 3. d4 cxd4 4. Nxd4 Nf6 5. Nc3 a6 6. Bg5 Nbd7 7. f4 Qb6 8. Qd2
e5 9. Nb3 h6 10. Bh4 Be7 11. O-O-O Qc7 12. Kb1 b5 13. Bxf6 Nxf6 14. fxe5 dxe5
15. Nd5 Nxd5 16. exd5 Bd6 17. Bd3 f5 18. g4 e4 19. Bf1 f4 20. Qe2 e3 21. Nd4 O-O
22. Ne6 Bxe6 23. dxe6 Rae8 24. Bg2 Kh8 25. Bd5 Qc5 26. Rhf1 Rd8 27. g5 Be7 28.
gxh6 Rxd5 29. hxg7+ Kxg7 30. Rxd5 Qxd5 31. Rg1+ Kf6 32. Qg4 Qf5 33. Qg7+ Kxe6
34. Rg6+ Kd7 35. Rxa6 Qc5 36. Qg4+ Kc7 37. Qf3 e2 38. Qh1 0-1

[Event "PRO League Central 2017"]
[Site "chess.com INT"]
[Date "2017.01.18"]
[Round "2"]
[White "Oragwu, Chukwunonso"]
[Black "Kigigha, Bomo"]
[Result "0-1"]
[WhiteTitle "CM"]
[BlackTitle "FM"]
[WhiteElo "2155"]
[BlackElo "2339"]
[WhiteTeam "Lagos Leatherbacks"]
[BlackTeam "Abuja Rockstars"]
[WhiteFideId "8501254"]
[BlackFideId "8500037"]
[EventDate "2017.01.11"]

1. e4 c5 2. Nf3 Nc6 3. d4 cxd4 4. Nxd4 Qb6 5. Nb3 Nf6 6. Nc3 e6 7. a3 Qc7 8. Bd3
a6 9. O-O Be7 10. Kh1 O-O 11. f4 d6 12. Qf3 b5 13. Ne2 Bb7 14. Bd2 Rad8 15. Qh3
e5 16. Ng3 Bc8 17. Nf5 Bxf5 18. Qxf5 Qd7 19. fxe5 Qxf5 20. Rxf5 Nxe5 21. Bc3
Nfd7 22. a4 Nxd3 23. cxd3 bxa4 24. Rxa4 Rb8 25. Nd4 Nc5 26. Ra2 Bf6 27. g3 Nxd3
28. Nc6 Rb6 29. Rxf6 Rxc6 30. Rf3 Nc5 31. e5 dxe5 32. Bxe5 Re8 33. Bd4 Re2 34.
Rc3 Rh6 35. Bxc5 Rhxh2+ 36. Kg1 Reg2+ 37. Kf1 Rxb2 38. Ra1 h5 39. Bg1 Rhd2 40.
Rcc1 Ra2 41. Rab1 a5 42. Rc5 g6 43. Rc4 a4 44. Bd4 g5 45. Be3 Rd3 46. Bf2 Rf3
47. Rc8+ Kg7 48. Rc5 Rfxf2+ 49. Kg1 Rg2+ 50. Kf1 Rxg3 0-1

[Event "PRO League Central 2017"]
[Site "chess.com INT"]
[Date "2017.01.18"]
[Round "2"]
[White "Gozzoli, Yannick"]
[Black "Daulyte, Deimante"]
[Result "1-0"]
[WhiteTitle "GM"]
[BlackTitle "IM"]
[WhiteElo "2583"]
[BlackElo "2447"]
[WhiteTeam "Marseille Migraines"]
[BlackTeam "Cannes Blockbusters"]
[WhiteFideId "616915"]
[BlackFideId "12802859"]
[EventDate "2017.01.11"]

1. d4 Nf6 2. Nf3 g6 3. Bg5 Bg7 4. Nbd2 O-O 5. c3 d6 6. e4 c5 7. dxc5 dxc5 8. Bc4
Nc6 9. Qe2 Na5 10. e5 Nxc4 11. Nxc4 Ng4 12. h3 Nh6 13. Rd1 Qc7 14. Ne3 Be6 15.
Nd5 Bxd5 16. Rxd5 Rad8 17. Rxd8 Rxd8 18. O-O f6 19. exf6 exf6 20. Bxh6 Bxh6 21.
Qc4+ Kh8 22. Re1 b6 23. h4 Qd7 24. Re6 Re8 25. Rxe8+ Qxe8 26. Qd5 Qe7 27. a4 Kg7
28. g3 Qf7 29. Qc6 Qe7 30. Kg2 Kf7 31. Qa8 Kg7 32. Qd5 Qf7 33. Qe4 Qd7 34. h5
Qf7 35. hxg6 hxg6 36. b4 cxb4 37. cxb4 Kh7 38. b5 Kg7 39. Nd4 Qd7 40. Nc6 Kf7
41. Qc4+ Kg7 42. Nd4 Kh7 43. Ne6 Bg7 44. Qc6 Qe7 45. Nf4 Bh6 46. Nd5 Qe4+ 47.
Kh2 Qe5 48. Nxf6+ Kg7 49. Ne4 Kh7 50. Kg2 Bg7 51. f4 Qb2+ 52. Kh3 Qe2 53. Ng5+
Kh6 54. Qf3 Qe7 55. Qg4 Bf6 56. Nf3 Kg7 57. f5 g5 58. Qh5 Qd6 59. Qg6+ Kf8 60.
Nxg5 Ke7 61. Ne4 Qd1 62. Qxf6+ Kd7 63. Qd6+ 1-0

[Event "PRO League Central 2017"]
[Site "chess.com INT"]
[Date "2017.01.18"]
[Round "2"]
[White "Gozzoli, Yannick"]
[Black "Fontaine, Robert"]
[Result "1/2-1/2"]
[WhiteTitle "GM"]
[BlackTitle "GM"]
[WhiteElo "2583"]
[BlackElo "2549"]
[WhiteTeam "Marseille Migraines"]
[BlackTeam "Cannes Blockbusters"]
[WhiteFideId "616915"]
[BlackFideId "605590"]
[EventDate "2017.01.11"]

1. d4 d6 2. Nf3 Bg4 3. c4 Nf6 4. Nc3 g6 5. e3 Bg7 6. Be2 O-O 7. O-O Nbd7 8. h3
Bxf3 9. Bxf3 c6 10. Qc2 e5 11. Rd1 Qe7 12. b3 Rfe8 13. Ba3 e4 14. Be2 h5 15. b4
d5 16. cxd5 cxd5 17. Qb3 Qe6 18. Nb5 Rec8 19. Rac1 Qb6 20. Nc3 Qe6 21. Nb5 Qb6
22. Nc3 Qe6 23. Nb5 1/2-1/2

[Event "PRO League Central 2017"]
[Site "chess.com INT"]
[Date "2017.01.18"]
[Round "2"]
[White "Adair, James R"]
[Black "Ghasi, Ameet K"]
[Result "0-1"]
[WhiteTitle "IM"]
[BlackTitle "IM"]
[WhiteElo "2480"]
[BlackElo "2455"]
[WhiteTeam "London Lions"]
[BlackTeam "London Towers"]
[WhiteFideId "406252"]
[BlackFideId "409200"]
[EventDate "2017.01.11"]

1. e4 g6 2. d4 d6 3. Nc3 c6 4. f4 Nf6 5. Nf3 Bg7 6. Bd3 Bg4 7. h3 Bxf3 8. Qxf3
e5 9. dxe5 dxe5 10. f5 O-O 11. g4 Nbd7 12. g5 Nh5 13. f6 Bh8 14. Be3 b5 15. a4
a6 16. O-O Re8 17. Rfd1 Qc7 18. Bf1 Nf8 19. Ne2 Red8 20. axb5 axb5 21. Rxa8 Rxa8
22. Ng3 Nf4 23. Bxf4 exf4 24. Ne2 h6 25. h4 hxg5 26. hxg5 Ne6 27. Qg4 Qe5 28.
Bg2 Nxg5 29. Qxf4 Bxf6 30. Qxe5 Bxe5 31. c3 Ra2 32. Rd2 Kf8 33. Kf2 Ke7 34. Ke3
Ne6 35. Bh3 Nc5 36. Nd4 Bxd4+ 37. cxd4 Nb3 38. Rc2 Na5 39. Bf1 Ra4 40. Bd3 Rb4
41. e5 Nb3 42. Rxc6 Nxd4 43. Rb6 g5 44. Kd2 Nf3+ 45. Kc3 Rf4 46. e6 fxe6 47.
Rxb5 g4 48. Rb7+ Kf6 49. Rb8 Ne5 50. Rf8+ Kg5 51. Rg8+ Kh4 52. Be2 Re4 53. Bd1
Kh3 54. Rh8+ Kg2 55. Rh6 Nf3 56. Bb3 Re3+ 57. Kb4 e5 58. Bd5 e4 59. Rg6 g3 60.
Rg4 Nd2 61. Kc5 Kf2 62. Rf4+ Rf3 63. Rg4 g2 64. b4 Rg3 65. Rf4+ Ke3 0-1

[Event "PRO League Central 2017"]
[Site "chess.com INT"]
[Date "2017.01.18"]
[Round "2"]
[White "Adair, James R"]
[Black "Arkell, Keith C"]
[Result "1/2-1/2"]
[WhiteTitle "IM"]
[BlackTitle "GM"]
[WhiteElo "2480"]
[BlackElo "2438"]
[WhiteTeam "London Lions"]
[BlackTeam "London Towers"]
[WhiteFideId "406252"]
[BlackFideId "400270"]
[EventDate "2017.01.11"]

1. e4 c6 2. d4 d5 3. e5 c5 4. dxc5 Nc6 5. Nf3 Bg4 6. Bb5 Bxf3 7. Qxf3 Qa5+ 8.
Nc3 e6 9. Bd2 Qc7 10. O-O-O Bxc5 11. Qg3 g6 12. h4 Ne7 13. h5 O-O-O 14. Bg5 a6
15. Bxc6 Qxc6 16. Bf6 Rhg8 17. Ne2 Nf5 18. Qf3 Rd7 19. g4 Ne7 20. Rd3 d4 21.
Qxc6+ Nxc6 22. hxg6 hxg6 23. a3 a5 24. Rb3 Rd5 25. Nf4 Rd7 26. Rh7 a4 27. Rb5
Ba7 28. Nd3 Rf8 29. Kd2 Kc7 30. Ke2 Bb6 31. Kf3 Ra8 32. Ke4 Ra5 33. Rxa5 Nxa5
34. f4 Nc4 35. Rh2 Ne3 36. Kf3 Kc6 37. b3 axb3 38. cxb3 Kd5 39. Rh8 Nc2 40. Rc8
Bc7 41. Bd8 Kc6 42. Bxc7 Rxc7 43. Rxc7+ Kxc7 44. a4 b5 45. a5 b4 46. Ke4 Kc6 47.
Nb2 Kb5 48. Nc4 Na1 49. Nd6+ Kxa5 50. Kxd4 Nxb3+ 51. Kd3 Ka4 52. Nxf7 Nc5+ 53.
Kc2 b3+ 54. Kb1 Ne4 55. Kb2 Nc5 56. Kb1 Ne4 57. Kb2 Nc5 58. Kb1 1/2-1/2

[Event "PRO League Central 2017"]
[Site "chess.com INT"]
[Date "2017.01.18"]
[Round "2"]
[White "Ducarmon, Quinten"]
[Black "Zwirs, Nico"]
[Result "0-1"]
[WhiteTitle "IM"]
[WhiteElo "2468"]
[BlackElo "2395"]
[WhiteTeam "Amsterdam Mosquitos"]
[BlackTeam "Apeldoorn Apes"]
[WhiteFideId "1025007"]
[BlackFideId "1036432"]
[EventDate "2017.01.11"]

1. e4 c5 2. Nf3 d6 3. d4 cxd4 4. Qxd4 Nc6 5. Bb5 Bd7 6. Bxc6 Bxc6 7. Nc3 Nf6 8.
Bg5 e6 9. Qd3 Be7 10. Nd4 O-O 11. O-O-O Qa5 12. f4 Rac8 13. Kb1 Rfe8 14. h4 b5
15. e5 dxe5 16. fxe5 Nd5 17. Nxc6 Rxc6 18. Nxd5 exd5 19. Qxd5 Rcc8 20. Rdf1 Qc7
21. Qxf7+ Kh8 22. Qf5 a5 23. e6 a4 24. Bxe7 Qxe7 25. Qxb5 a3 26. Qe5 Qb7 27. Rf2
Rxe6 28. Qc3 Rce8 29. Rhf1 Re1+ 0-1